Città dell'ATP TOUR - Statistics

Statistiche generali
  • Questo quiz è stato fatto 86 volte
  • Il punteggio medio è 21 su 26
Statistiche sulle risposte
ATP CITTÀ NAZIONE % Corretto
1000 PARIGI FRANCIA
99%
GRANDE SLAM PARIGI FRANCIA
99%
500 LONDRA REGNO UNITO
97%
GRANDE SLAM LONDRA REGNO UNITO
97%
1000 ROMA ITALIA
97%
1000 MADRID SPAGNA
96%
1000 MONACO MONACO
95%
GRANDE SLAM NEW YORK USA
95%
500 BARCELLONA SPAGNA
94%
500 TOKYO GIAPPONE
91%
500 VIENNA AUSTRIA
91%
1000 MIAMI USA
90%
500 PECHINO CINE
90%
GRANDE SLAM MELBOURNE AUSTRALIA
88%
500 ROTTERDAM PAESI BASSI
86%
500 DUBAI EMIRATI ARABI UNITI
83%
500 RIO DE JANEIRO BRASILE
82%
1000 SHANGHAI CINA
79%
1000 MONTREAL CANADA
72%
500 WASHINGTON USA
62%
500 BASILEA SVIZZERA
60%
1000 CINCINNATTI USA
56%
1000 INDIAN WELLS USA
56%
500 HALLE GERMANIA
55%
500 ACAPULCO MESSICO
54%
500 AMBURGO GERMANIA
53%
Nessun quiz corrispondente trovato
Distribuzione punteggi
Percentuale di utenti per punteggio
Percentile per numero di risposta
I tuoi punteggi nel tempo
Non hai fatto questo quiz